000 00430cam a22001457a 4500
008 180718b1960 xxu||||| |||| 00| 0 eng d
082 _aA6x54O5 C455
100 _aChopra, Gulshan Lall
245 _aPunjab as a sovereign state
_cby Gulshan Lall Chopra
250 _a2nd ed.
260 _aHoshiarpur
_bVishveshvaranand Vedic Research Institute
_c1960
300 _a232p.
650 _aPunjab - History
650 _aIndia - History
999 _c362307
_d362307